| 000 | 01334nam a2200313 c 4500 | ||
|---|---|---|---|
| 003 | BLK | ||
| 005 | 20180422115323.0 | ||
| 008 | 180411b bul|||||r ||||||| ||bul|| | ||
| 010 | _aKNG00192952000 | ||
| 040 | _aBLK | ||
| 041 |
_aBUL _cBUL |
||
| 080 |
_aВоенна история - Военни походи, битки, героични подвизи. Вж и 93/99 _b355.48 _x(497.2) _z355.48(497.2) |
||
| 100 | 1 |
_aДървингов, Петър Георгиев _eпърви автор _9379793 |
|
| 700 | 1 |
_aПенков, Стоян _eсъстав. и предг. от _9343377 |
|
| 139 |
_aДървингов, Петър Георгиев _bД 96 |
||
| 245 | 1 | 0 |
_aИзбрани произведения _cПетър Георгиев Дървингов; състав. и предг. от Стоян Пенков. |
| 257 | _aBGR | ||
| 260 |
_аСофия _bВоен. изд. _c1988 |
||
| 300 |
_a215 с., 1 л. _bпортр. _c21 см |
||
| 380 | _a3 | ||
| 500 | _a1 740 тир. - Библиогр. с. 211-212. | ||
| 650 | 4 |
_aБългария - военна история _9241785 |
|
| 650 | 4 |
_aПърва световна война - участие на България _9254389 |
|
| 852 | _aЦб 151895 | ||
| 856 | 4 |
_qpdf _u |
|
| 856 | 4 |
_qpdf _u |
|
| 942 |
_cKNG _n0 |
||
| 944 |
_aCR _c13.10.2016 _kКети_Илиева |
||
| 944 |
_aED _c13.10.2016 _kКети_Илиева |
||
| 999 |
_c184000 _d184000 |
||